Normal view
MARC view
- Spiller, E. A Gosman, M. L
Entry Personal Name
001 - CONTROL NUMBER
- control field: 74031
003 - CONTROL NUMBER IDENTIFIER
- control field: NUST
005 - DATE AND TIME OF LATEST TRANSACTION
- control field: 20210628205123.0
008 - FIXED-LENGTH DATA ELEMENTS
- fixed length control field: 210628|| aca||aabn | a|a d
040 ## - CATALOGING SOURCE
- Original cataloging agency: NUST
- Transcribing agency: NUST
100 ## - HEADING--PERSONAL NAME
- Personal name: Spiller, E. A Gosman, M. L
670 ## - SOURCE DATA FOUND
- Source citation: Work cat.: (NUST): Spiller, E. A Gosman, M. L, Financial accounting basic concepts, 1984
